000
00205 a2200097 4500
001
1737
100
_a
Winstanley, H.H.
245
_a
Junior technical drawing
260
_a
_b
Arnold
_c
090
_c
1273
_d
1273
942
_a
NUST-CAE
_c
M
_c
3036
999
_c
236810
_d
236810